Loading...
رحلة ابن بطوطة المسماة تحفة النظار فى غرائب الامصار وعجائب الاسفار
| Main Author: | |
|---|---|
| Format: | Printed Book |
| Language: | English |
| Published: |
دار الكتاب العربى
2012
|
| Subjects: |
| LEADER | 00745nam a22001457a 4500 | ||
|---|---|---|---|
| 008 | 200320b ||||| |||| 00| 0 eng d | ||
| 999 | |c 350100 |d 350100 | ||
| 020 | |a 9789773766652 | ||
| 082 | |a 910.4 NZ | ||
| 100 | |a ابو المظفر السنارى | ||
| 245 | |a رحلة ابن بطوطة |b المسماة تحفة النظار فى غرائب الامصار وعجائب الاسفار | ||
| 260 | |b دار الكتاب العربى |c 2012 | ||
| 650 | |a Adventure, Classics, Non Fiction, Travel, Biography, History, Cultural, Africa, Science, Historical Fiction, Medieval, Geography, Religion, Islam | ||
| 942 | |c BK | ||
| 952 | |0 0 |1 0 |2 ddc |4 0 |6 910_400000000000000_NZ |7 0 |9 404180 |a ARA |b ARA |c ST1 |d 2020-03-20 |i 12250 |l 0 |o 910.4 NZ |p ARA12250 |r 2020-03-20 |w 2020-03-20 |y BK | ||